Calcul mental express, x2 - Statistiques

Statistiques générales
  • Ce quiz a été pris 164 fois
  • Le résultat moyen est 13 sur 20
Statistiques - réponses
Operation Résultat % Correct
Résultat x2 16
100%
1x2 2
100%
Résultat x2 32
100%
Résultat x2 4
100%
Résultat x2 64
100%
Résultat x2 8
100%
Résultat x2 128
99%
Résultat x2 256
96%
Résultat x2 1024
91%
Résultat x2 512
91%
Résultat x2 2048
90%
Résultat x2 4096
84%
Résultat x2 8192
65%
Résultat x2 16384
46%
Résultat x2 32768
33%
Résultat x2 65536
19%
Résultat x2 131072
12%
Résultat x2 262144
7%
Résultat x2 524288
6%
Résultat x2 1048576
4%
Aucun quiz correspondant
Distribution des résultats
% des personnes avec chaque résultat
Percentile par nombre de réponses
Votre historique - résultats
Vous n’avez pas pris ce quiz